| 000 | 00494nam a2200157 a 4500 | ||
|---|---|---|---|
| 001 | 000031792 | ||
| 005 | 20200930063202.0 | ||
| 008 | 110706s1940 xxuab 000 0 spa d | ||
| 040 |
_aDO-SdBNP _bspa _cBNPHU |
||
| 082 |
_axxx _bR541 |
||
| 100 | 1 |
_aRoberts, W. Adolphe _958012 |
|
| 245 | 1 | 0 |
_aThe caribbean : _bthe story of our sea of destiny / _cW. Adolphe Roberts. |
| 260 |
_aNew York : _bIndianapolis : _bThe Bobbs- Merrill, _c1940. |
||
| 300 |
_a361 p. . : _bil., maps. ; _c24 cm. |
||
| 049 | _aBNPD | ||
| 999 |
_c31284 _d31284 |
||